[Event "Challenge"]
[Site "http://www.queenalice.com/game.php?id=799501"]
[Date "2010.7.6"]
[Round "-"]
[White "charles"]
[Black "yoda05"]
[Result "1-0"]
[WhiteElo "1971"]
[BlackElo "1500"]

1. e4 e5 2. Nf3 Nc6 3. Bb5 a6 4. Bxc6 dxc6 5. d3 Qf6 6. b3 c5 7. Bb2 Bd6 8. Nc3
c6 9. Na4 Bg4 10. Nb6 Rd8 11. Qd2 Qe7 12. h3 Bh5 13. g4 Bg6 14. h4 f6 15. h5
Bxe4 16. dxe4 Bc7 17. Qa5 Nh6 18. Ba3 Rd4 19. Bxc5 Rxe4+ 20. Kf1 Qe6 21. Qd2
Qxg4 22. Ng1 Qe6 23. Rd1 Bxb6 24. Bxb6 O-O 25. Bc5 Re8 26. Ne2 Nf7 27. f3 Rd8
28. Qxd8+ 1-0

[Event "Challenge"]
[Site "http://www.queenalice.com/game.php?id=799524"]
[Date "2010.7.6"]
[Round "-"]
[White "yoda05"]
[Black "picapal"]
[Result "1-0"]
[WhiteElo "1522"]
[BlackElo "1506"]

1. d4 d5 2. Nf3 Nc6 3. e3 Nf6 4. c4 Bg4 5. Nc3 e6 6. a3 a6 7. cxd5 Nxd5 8. Be2
Nxc3 9. bxc3 Bd6 10. c4 b6 11. h3 Bxf3 12. Bxf3 Qd7 13. d5 Ne5 14. dxe6 Nxf3+
15. Qxf3 Qc8 16. Qxf7+ Kd8 17. Bb2 Rf8 18. e7+ Bxe7 19. Rd1+ Bd6 20. Qxf8+ Kd7
21. Qxg7+ Kc6 22. Qxh7 Qe8 23. O-O Qe6 24. Rfe1 1-0

[Event "Challenge"]
[Site "http://www.queenalice.com/game.php?id=799532"]
[Date "2010.7.6"]
[Round "-"]
[White "CaptainJester"]
[Black "yoda05"]
[Result "1-0"]
[WhiteElo "1885"]
[BlackElo "1697"]

1. e4 e5 2. Nf3 Nc6 3. Bc4 Be7 4. O-O Nf6 5. d3 O-O 6. Nc3 d6 7. Nd5 h6 8. Nh4
Nxd5 9. Bxd5 Nd4 10. Nf3 Ne6 11. Bxe6 Bxe6 12. c3 f5 13. exf5 Bxf5 14. Re1 Bg4
15. d4 exd4 16. Qxd4 Bxf3 17. gxf3 Rxf3 18. Qd5+ Rf7 19. Qg2 Bg5 20. Bxg5 Qxg5
21. Qxg5 hxg5 22. Re2 Kh7 23. Kg2 g6 24. Rh1 Kg7 25. Rd1 Rd8 26. h3 Rdd7 27. Re3
d5 28. b4 Rf4 29. Rd2 d4 30. Red3 1-0

[Event "Challenge"]
[Site "http://www.queenalice.com/game.php?id=799534"]
[Date "2010.7.6"]
[Round "-"]
[White "yoda05"]
[Black "oldbubba"]
[Result "1-0"]
[WhiteElo "1593"]
[BlackElo "1087"]

1. d4 d5 2. Nf3 Nf6 3. e3 Bf5 4. c4 e6 5. a3 Bd6 6. Nc3 O-O 7. Qb3 b6 8. cxd5 c6
9. dxc6 Nxc6 10. h3 Rb8 11. Qb5 Qc7 12. Bd3 Bxd3 13. Qxd3 Na5 14. Nb5 Qd7 15.
Bd2 Be7 16. Ne5 Qc8 17. O-O Rd8 18. Rac1 Qb7 19. Rc7 Qa8 20. Rxa7 Qd5 21. Bxa5
bxa5 22. e4 Qxb5 23. Qxb5 Rxb5 24. Rxe7 Rf8 25. f3 Rxb2 26. Ra7 Rd2 27. Rxa5
Rxd4 28. Rc1 Nh5 29. Nxf7 Rxf7 30. Rxh5 Ra4 31. Re5 Rxa3 32. Rxe6 Ra8 33. Rc5
Ra1+ 34. Kh2 h6 35. Kg3 Raa7 36. Kg4 Ra2 37. g3 Rf2 38. f4 Kh7 39. Kh5 Rh2 40.
h4 Rh3 41. Rc3 Rh2 42. Rf3 Rh3 43. Kg4 Rh1 44. f5 g5 45. fxg6+ 1-0

[Event "Challenge"]
[Site "http://www.queenalice.com/game.php?id=800215"]
[Date "2010.7.8"]
[Round "-"]
[White "chesterbra"]
[Black "yoda05"]
[Result "0-1"]
[WhiteElo "1593"]
[BlackElo "1639"]

1. e4 e5 2. Qf3 Nc6 3. Bc4 Nf6 4. Nh3 h6 5. b3 Bc5 6. O-O Nb4 7. Na3 O-O 8. c3
Nc6 9. g4 Nh7 10. Bb2 d6 11. Rfd1 Ne7 12. d4 exd4 13. cxd4 Bxa3 14. Bxa3 Ng6 15.
Re1 Ng5 16. Qe3 Nxh3+ 17. Qxh3 Qg5 18. Bc1 Qxg4+ 19. Qxg4 Bxg4 20. e5 dxe5 21.
dxe5 Rfe8 22. Re4 Nxe5 23. h3 Bxh3 24. Re3 Bg4 25. Re4 Nf3+ 26. Kg2 Rxe4 27. Bd5
Nh4+ 28. Kg3 Nf5+ 29. Kh2 Rb4 30. a3 Rb5 31. Bc4 Rb6 32. Bf4 Nd6 33. Bd5 Be6 34.
Bf3 Rxb3 35. Rg1 Rxf3 36. Bxh6 Rh3+ 37. Kg2 Rxh6 38. Rc1 c6 39. Rc5 Rd8 40. Ra5
a6 41. Ra4 Nb5 42. Kg1 Rd4 43. Rxd4 Nxd4 44. a4 a5 45. Kg2 Bb3 46. Kg3 Bxa4 47.
f4 f5 48. Kf2 Re6 49. Kg3 c5 50. Kh4 c4 51. Kg5 c3 52. Kh5 c2 53. Kg5 c1=Q 54.
Kh4 Qxf4+ 55. Kh5 Rh6# 0-1

[Event "Challenge"]
[Site "http://www.queenalice.com/game.php?id=801272"]
[Date "2010.7.10"]
[Round "-"]
[White "yoda05"]
[Black "AuntieRenie"]
[Result "0-1"]
[WhiteElo "1500"]
[BlackElo "1509"]

1. d4 d5 2. Nf3 Nf6 3. e3 g6 4. Bd3 Bg7 5. Nbd2 Nbd7 6. O-O O-O 7. c4 dxc4 8.
Nxc4 c5 9. Bd2 cxd4 10. exd4 Qc7 11. Rc1 Qb8 12. Re1 Ne8 13. Rxe7 Nc7 14. Bf4
Bf6 15. Nb6 axb6 16. Bxc7 Qa7 17. Re2 b5 18. Bxb5 Qxa2 19. Bd6 Rd8 20. Ba3 Qd5
21. Bc4 Qh5 22. Qe1 b6 23. Re8+ Rxe8 24. Qxe8+ Kg7 25. Bxf7 Kh6 26. Rxc8 Rxc8
27. Qxc8 Qf5 28. d5 Qb1+ 0-1

[Event "AUTO-INT-1754"]
[Site "http://www.queenalice.com/game.php?id=801911"]
[Date "2010.7.11"]
[Round "1"]
[White "yoda05"]
[Black "kre"]
[Result "1-0"]
[WhiteElo "1596"]
[BlackElo "1551"]

1. d4 e6 2. c4 d5 3. Nf3 dxc4 4. Nc3 Bb4 5. Qa4+ Nc6 6. Qb5 a6 7. Qxc4 b5 8.
Qxc6+ Bd7 9. Qe4 Nf6 10. Qc2 O-O 11. e4 c5 12. dxc5 Bxc5 13. Bd3 Ng4 14. O-O Bd6
15. h3 Ne5 16. Nxe5 Bxe5 17. f4 Bxc3 18. Qxc3 Rc8 19. Qe1 a5 20. e5 f6 21. b4
axb4 22. Qxb4 Bc6 23. Rd1 f5 24. Be3 Qd5 25. Rd2 Qd7 26. Bxb5 Qb7 27. Rb1 Qxb5
28. Qxb5 Bxb5 29. Rxb5 Rc1+ 30. Kf2 Rfc8 31. Rb6 h6 32. Rxe6 R1c6 33. Rxc6 Rxc6
34. a4 1-0

[Event "AUTO-INT-1754"]
[Site "http://www.queenalice.com/game.php?id=801912"]
[Date "2010.7.11"]
[Round "1"]
[White "kre"]
[Black "yoda05"]
[Result "0-1"]
[WhiteElo "1537"]
[BlackElo "1609"]

1. e4 e5 2. Nf3 Nc6 3. Nc3 Nf6 4. d3 d6 5. h3 Be7 6. Be2 h6 7. O-O Be6 8. Be3
O-O 9. Qd2 Nh7 10. Bxh6 gxh6 11. Qxh6 Nd4 12. Nxd4 exd4 13. Nd5 Bg5 14. Qh5 Kg7
15. f4 Rh8 16. fxg5 Nxg5 17. Rxf7+ Bxf7 18. Qg4 Be6 19. Qg3 Bxh3 20. Bg4 Bxg4
21. Qxg4 Rh6 22. Rf1 Rg6 23. Nf4 Qe8 24. Nxg6 Qxg6 25. Rf5 Nh7 26. Qh4 Nf6 27.
Qg5 Qxg5 28. Rxg5+ Kf7 29. e5 dxe5 30. Rxe5 Re8 31. Rxe8 Nxe8 32. Kh2 Nd6 33. g3
Nf5 34. Kh3 Ne3 35. g4 Nxc2 36. Kh4 Nb4 37. g5 Nxa2 38. Kh5 Kg7 0-1

[Event "AUTO-INT-1754"]
[Site "http://www.queenalice.com/game.php?id=801913"]
[Date "2010.7.11"]
[Round "1"]
[White "yoda05"]
[Black "PU1JQF"]
[Result "1-0"]
[WhiteElo "1593"]
[BlackElo "1398"]

1. d4 e6 2. c4 Bb4+ 3. Bd2 Bd6 4. Nf3 Nf6 5. Qc2 O-O 6. e4 e5 7. dxe5 Bxe5 8.
Nxe5 d6 9. Nf3 Be6 10. Nc3 Qd7 11. Bd3 Nc6 12. Nd5 Nxd5 13. exd5 Bg4 14. Bxh7+
Kh8 15. O-O-O Rae8 16. dxc6 Qxc6 17. Nd4 Bxd1 18. Qxd1 Qxc4+ 19. Bc3 Qxa2 20.
Bb1 Qd5 21. f4 Qxg2 22. Qh5+ Kg8 23. Qh7# 1-0

[Event "AUTO-INT-1754"]
[Site "http://www.queenalice.com/game.php?id=801914"]
[Date "2010.7.11"]
[Round "1"]
[White "PU1JQF"]
[Black "yoda05"]
[Result "0-1"]
[WhiteElo "1424"]
[BlackElo "1690"]

1. e4 e5 2. d4 exd4 3. Qxd4 Nc6 4. Qe3 Nf6 5. Bc4 Ne5 6. Bb3 d6 7. Nf3 Nfg4 8.
Qf4 Qf6 9. Qg3 Nxf3+ 10. gxf3 Ne5 11. Bg5 Nxf3+ 12. Ke2 Nxg5 13. Qe3 Be7 14. Nc3
Bg4+ 15. Kd2 Nf3+ 16. Ke2 O-O 17. h3 Nd4+ 18. Kf1 Be6 19. Ba4 a6 20. Bb3 Rfe8
21. Rg1 Bf8 22. Re1 Bxb3 23. cxb3 Nc2 24. Qe2 Nxe1 25. Qxe1 c6 26. Qe3 d5 27.
Nxd5 cxd5 28. Rg4 dxe4 29. Rxe4 Re6 30. f3 Rae8 31. Kf2 Rxe4 32. Qxe4 Rxe4 33.
a4 Qh4+ 34. Kg2 Re2+ 35. Kf1 Qe1# 0-1

[Event "AUTO-INT-1754"]
[Site "http://www.queenalice.com/game.php?id=801915"]
[Date "2010.7.11"]
[Round "1"]
[White "yoda05"]
[Black "julick"]
[Result "0-1"]
[WhiteElo "1632"]
[BlackElo "1608"]

1. d4 d5 2. Nf3 c6 3. e3 e6 4. a3 Nd7 5. c4 dxc4 6. Bxc4 b5 7. Bd3 Ba6 8. Bd2
Bd6 9. Qc2 Bb7 10. Nc3 Bb8 11. e4 Nb6 12. e5 f6 13. O-O-O f5 14. Ng5 Qe7 15. f3
h6 16. Nh3 g5 17. Rhf1 Qc7 18. Kb1 Qf7 19. g4 Ne7 20. Ng1 Bc7 21. f4 gxf4 22.
gxf5 exf5 23. Bxf4 O-O-O 24. e6 Qxe6 25. Nxb5 Bxf4 26. Rxf4 Ba6 27. Nxa7+ Kb7
28. Bxa6+ Kxa6 29. Nxc6 Nxc6 30. Rxf5 Nxd4 31. Qd3+ Nc4 0-1

[Event "AUTO-INT-1754"]
[Site "http://www.queenalice.com/game.php?id=801916"]
[Date "2010.7.11"]
[Round "1"]
[White "julick"]
[Black "yoda05"]
[Result "0-1"]
[WhiteElo "1519"]
[BlackElo "1456"]

1. d4 d5 2. e3 Nf6 3. c3 e6 4. Bd3 c5 5. dxc5 Bxc5 6. Bc2 Nc6 7. Nf3 Bd7 8. b4
Bd6 9. O-O Qc7 10. g3 e5 11. Ng5 e4 12. a3 Bg4 13. Qd2 Ne5 14. Bd1 Bxd1 15. Rxd1
h6 16. Nh3 Nf3+ 17. Kf1 Nxd2+ 18. Rxd2 h5 19. Rd1 h4 20. Ng1 hxg3 21. h3 Qc4+
22. Ne2 Rxh3 23. Ke1 Rh1+ 0-1

[Event "Let's Play Chess!"]
[Site "http://www.queenalice.com/game.php?id=803079"]
[Date "2010.7.14"]
[Round "-"]
[White "ValerioR"]
[Black "yoda05"]
[Result "0-1"]
[WhiteElo "1327"]
[BlackElo "1402"]

1. e4 e5 2. f4 exf4 3. Nf3 d6 4. h3 g5 5. Nc3 Bh6 6. b3 Nf6 7. e5 Qe7 8. d4 O-O
9. Bc4 c6 10. O-O dxe5 11. Re1 e4 12. Ne5 e3 13. Nxf7 Rxf7 14. Bxf7+ Qxf7 15.
Bb2 Na6 16. d5 cxd5 17. Nb5 Be6 18. b4 Bg7 19. Nd6 Qe7 20. Be5 Rd8 21. g3 Rxd6
22. c3 Bxh3 23. Bxd6 Qxd6 24. Qb3 Nc7 25. a4 Ne4 26. c4 Bxa1 27. Rd1 dxc4 28.
Qc2 Qh6 29. g4 Bxg4 30. Qxe4 Bxd1 0-1

[Event "Challenge"]
[Site "http://www.queenalice.com/game.php?id=803148"]
[Date "2010.7.14"]
[Round "-"]
[White "yoda05"]
[Black "etorvici"]
[Result "0-1"]
[WhiteElo "1661"]
[BlackElo "1875"]

1. d4 d5 2. Nf3 Nc6 3. Bf4 a6 4. h3 Nf6 5. e3 Bf5 6. a3 h6 7. Be2 e6 8. c4 Na5
9. Nbd2 c6 10. cxd5 Nxd5 11. Rc1 Bd6 12. Bxd6 Qxd6 13. b4 O-O 14. bxa5 Qxa3 15.
Ra1 Qb4 16. Qb3 Qe7 17. O-O c5 18. dxc5 Qxc5 19. Nd4 Rfd8 20. Rfc1 Qe7 21. e4
Nf4 22. Bf3 Rxd4 23. exf5 Rxd2 24. fxe6 Nxe6 25. Bxb7 Qf6 26. Bxa8 Nc7 27. Qb8+
Rd8 28. Qxc7 Rxa8 29. Rc6 Qxa1+ 0-1

[Event "Challenge"]
[Site "http://www.queenalice.com/game.php?id=803758"]
[Date "2010.7.15"]
[Round "-"]
[White "yoda05"]
[Black "Vanessahermosa"]
[Result "1-0"]
[WhiteElo "1632"]
[BlackElo "1336"]

1. d4 e6 2. c4 Nc6 3. Nf3 Nf6 4. Qc2 Nb4 5. Qb3 Ne4 6. a3 Nc6 7. e3 Na5 8. Qc2
f5 9. d5 exd5 10. cxd5 Bc5 11. b4 Qf6 12. Bb2 Qd6 13. bxa5 Qxd5 14. Bc4 Qc6 15.
Bxg7 Rg8 16. Ne5 Qd6 17. Bxg8 Qe7 18. O-O Qxg7 19. Nd3 Qxg8 20. Nxc5 f4 21.
Qxe4+ Kd8 22. Nxb7+ Bxb7 23. Qxb7 Rc8 24. exf4 h5 25. Nd2 h4 26. h3 d6 27. Ne4
Qg6 28. Rad1 a6 29. Rfe1 Kd7 30. Nxd6 Qxd6 31. Rxd6+ Kxd6 32. Qxc8 Kc6 33. Qxa6+
Kd7 34. Qe6+ 1-0

[Event "Challenge"]
[Site "http://www.queenalice.com/game.php?id=807318"]
[Date "2010.7.23"]
[Round "-"]
[White "arkasha"]
[Black "yoda05"]
[Result "0-1"]
[WhiteElo "1628"]
[BlackElo "1672"]

1. e4 e5 2. f4 exf4 3. Nf3 d6 4. Bc4 Nf6 5. d3 g5 6. O-O Bg4 7. b4 Nc6 8. Bb2
Bg7 9. Nbd2 O-O 10. c3 a6 11. Qe1 h6 12. d4 d5 13. Bd3 Re8 14. e5 Nd7 15. a3 f6
16. Qf2 fxe5 17. Bg6 Rf8 18. Nb3 e4 19. Ne1 Qf6 20. Bh5 Bxh5 21. Nc5 Nxc5 22.
dxc5 e3 23. Qc2 Qf5 24. Qb3 Ne7 25. Nf3 c6 26. Nd4 Qd7 27. c4 Be2 28. Nxe2 d4
29. Nxd4 Bxd4 30. Qd3 e2+ 31. Bxd4 exf1=Q+ 32. Kxf1 Nf5 33. Rd1 Rad8 34. a4 Qxd4
0-1